The Herakleopolite Nome : a catalogue of the toponyms /

محفوظ في:

مؤلفون آخرون: Falivene, M. Rosaria.

التنسيق: كتاب

اللغة: English

منشور في: Atlanta, GA : Scholars Press, c1998.

سلاسل: American Studies in Papyrology ; 37.
ASP ; 37.

الموضوعات:

الوسوم: إضافة وسم

لا توجد وسوم, كن أول من يضع وسما على هذه التسجيلة!

رقم الطلب: PA3339 .A51 v.37

LEADER 01131nam a22003257a 4500
003 OSt
005 20251006063129.0
008 251006t1998 gauab g 001 0 eng d
010 |a 97035621 
020 |a 0788504126 
040 |c ARCE Library 
043 |a f-ua---  
050 1 4 |a PA3339  |b .A51 v.37 
245 0 4 |a The Herakleopolite Nome :   |b a catalogue of the toponyms /   |c with introduction and commentary by Maria Rosaria Falivene. 
264 1 |a Atlanta, GA :   |b Scholars Press,   |c c1998. 
300 |a xvii, 324 pages :  |b ill., map ;  |c 29 cm. 
490 1 |a American Studies in Papyrology ;   |v 37. 
490 1 |a ASP ;   |v 37. 
500 |a Includes indexes. 
500 |a One folded map in pocket of back cover. 
650 0 |a Names, Geographical  |z Egypt  |z Heracleopolite Nome. 
650 0 |a Manuscripts, Greek (Papyri)  |z Egypt. 
651 0 |a Heracleopolite Nome (Egypt)  |x Historical geography.  |9 18656 
700 1 |a Falivene, M. Rosaria.   |q (Maria Rosaria),  |9 29790 
830 0 |a American Studies in Papyrology ;   |v 37. 
830 0 |a ASP ;   |v 37. 
900 |a OCLC 37631173 
901 |a reviewed 
942 |c BK  |2 lcc 
999 |c 17680  |d 17680